Cada forma de país da bandeira da OTAN - Statistics

Estatísticas Gerais
  • Esse quiz foi jogado 48 vezes
  • A pontuação média é 31 de 32
Estatísticas das Respostas
Imagem Resposta % Correto
Alemanha
100%
Bélgica
100%
Canadá
100%
Itália
100%
Albânia
98%
Croácia
98%
Espanha
98%
Estados Unidos
98%
Finlândia
98%
França
98%
Grécia
98%
Hungria
98%
Macedónia do Norte
98%
Portugal
98%
Reino Unido
98%
República Checa
98%
Suécia
98%
Turquia
98%
Bulgária
95%
Dinamarca
95%
Estônia
95%
Islândia
95%
Letónia
95%
Luxemburgo
95%
Noruega
95%
Países Baixos
95%
Polônia
95%
Eslováquia
93%
Eslovénia
93%
Romênia
93%
Montenegro
90%
Lituânia
88%
Nenhum quiz correspondente encontrado
Distribuição das Pontuações
Porcentagem de Pessoas com Cada Pontuação
Percentil de Números Respondidos
Sua Pontuação Histórica
Você não jogou esse quiz